000 00418nam a2200181Ia 4500
001 2303
005 20260306144757.0
008 260306t2006||||xx |||||||||||||| ||spa||
041 _aESP
082 _a616.858
_bM26
100 _aMarcelli, Daniel
_eAUT
245 0 _aPsicopatología del niño
260 _c2006
300 _a580 páginas :
_c21 cm.
650 _aGEN
654 _aCPS
942 _cLIB
_dJUS
_fJUS
_2ddc
_n
999 _c2303
_d2303